Normal view
MARC view
Entry Personal Name
001 - CONTROL NUMBER
- control field: 2630
003 - CONTROL NUMBER IDENTIFIER
- control field: HDC
005 - DATE AND TIME OF LATEST TRANSACTION
- control field: 20230624073131.0
008 - FIXED-LENGTH DATA ELEMENTS
- fixed length control field: 210108|| aca||aabn | a|a d
040 ## - CATALOGING SOURCE
- Original cataloging agency: HDC
- Transcribing agency: HDC
100 ## - HEADING--PERSONAL NAME
- Personal name: Abbo, Marie-Hélène
670 ## - SOURCE DATA FOUND
- Source citation: Work cat.: (HDC): Abbo, Marie-Hélène, author, An Exploratory Study on the Impact of Two Ingredient Branding Strategies on the Host Brand /, [no year]
